000
00242nam a2200097Ia 4500
005
20251222114414.0
008
251222s1900||||xx |||||||||||||| ||spa||
082
_a
DVD0070/S78/2005/Ej.2
245
4
_a
The reading room:Sala de lectura
942
_c
DVD
999
_c
2150
_d
2150